Serenáda

Podrobná bibliografia
Hlavný autor: Gressmann, Uwe, 1933-1969 (Autor)
Ďalší autori: Šimon, Ladislav, 1938- (Prekladateľ)
Médium: Článok
Jazyk:slovenčina
nemčina
Predmet:

MARC

LEADER 00000nab a2200000 a 4500
001 vtls000276207
003 SK-MaSNL
005 20260304061743.0
008 250422c1987 xo 0 slo
015 |a SNBRB19rr/mm-uuuuu 
035 |a CL0286321 
035 |a urn:nbn:sk:snk-abbgug 
035 |a (urnnbn)urn:nbn:sk:snk:ar-00478v 
035 |a (uuid)266419fe-0cc6-42c6-9814-7a906e3653a2 
040 |a SNKBUCL  |b slo  |c SNKBUCL  |e AACR2 
041 1 |a slo  |h ger 
044 |a xo  |c SK 
080 |a 830-1  |2 1981 
100 1 |a Gressmann, Uwe,  |d 1933-1969  |4 aut  |9 1338348 
245 1 0 |a Serenáda  |c Uwe Gressmann ; preložil Ladislav Šimon 
655 7 |a články z novín a časopisov  |2 snkbucl  |9 267496 
655 7 |a nemecká poézia  |2 snkbucl  |9 70490 
700 1 |a Šimon, Ladislav,  |d 1938-  |4 trl  |9 99746 
773 0 |t Revue svetovej literatúry  |g Roč. 23, č. 3 (1987), s. 8 
850 |a Slovenská národná knižnica 
852 |a Slovenská národná knižnica 
954 |a beletria cudzojazyčná (svetová)  |2 lita 
958 |a article15 
958 |a OND 
958 |a RK 
958 |a LX 
958 |a DE 
958 |a EUIPO 
999 |c 2734768  |d 2736698